| 000 | 00748nam a22002417a 4500 | ||
|---|---|---|---|
| 999 |
_c2709 _d2709 |
||
| 001 | 10856 | ||
| 003 | BD-DhUAP | ||
| 005 | 20200227101442.0 | ||
| 008 | 200227s2007 njua|||| b||| 001 0 eng d | ||
| 020 | _a9780471752165 | ||
| 040 |
_aBD-DhUAP _bEng _cBD-DhUAP _dBD-DhUAP |
||
| 082 |
_223 _a720.1 CHI |
||
| 100 | _aChing, Francis D. K. | ||
| 245 |
_aArchitecture : _bform, space, & order / _cFrancis D. K. Ching. |
||
| 250 | _a3rd ed. | ||
| 260 |
_aHoboken, N. J. : _bJohn Wiley & Sons, _cc2007. |
||
| 300 |
_a431 pages : _billustrations ; _c28 cm. |
||
| 504 | _aIncludes bibliography and index. | ||
| 650 | _aComposition (architecture). | ||
| 650 | _aArchitecture -- Dessins et plans. | ||
| 650 | _aEspace (architecture). | ||
| 942 |
_2ddc _cBK |
||